000 00807nam a2200205 i 4500
001 61682
003 ES-MaACL
005 20250902190007.0
007 t|
008 031113s1930 sp ||||1| spa d
100 1 _aFarfán de los Godos, Gerardo.
_948839
245 1 0 _aPor los fueros de la verdad
_b: aclaraciones necesarias para la historia de los sucesos de Valencia /
_cGerardo Farfán de los Godos y Pedro González G. de Santiago ; apéndices y notas del General Castro Girona.
260 _aMadrid :
_b[s.n.,
_c1930] (
_fArtes Gráficas)
300 _a222 p. ;
_c17 cm.
651 4 _aValencia-
_xHistoria-
_yS.XX.
_9204548
700 1 _aGonzález Gómez de Santiago, Pedro.
_958678
700 1 _aCastro Girona, Alberto,
_d1875-1969
_9159713
852 _aES-MaACL
_jB-6126
999 _c61682
_d61682